Κατάλογος Βιβλιοθηκών Mediterranean College

Εγχειρίδιο του Ami Pro 3 / 2η Αμερικάνικη Έκδοση (Record no. 1140)

MARC details
000 -LEADER
fixed length control field 01087cam a22002054a 4500
005 - ΗΜΕΡΟΜΗΝΙΑ ΚΑΙ ΩΡΑ ΤΕΛΕΥΤΑΙΑΣ ΕΝΗΜΕΡΩΣΗΣ
Πεδίο ελέγχου 20250605163959.0
008 - FIXED-LENGTH DATA ELEMENTS--GENERAL INFORMATION
Πεδίο ελέγχου σταθερού μήκους 250528s ||||||||||||||||||||||||d
035 ## - SYSTEM CONTROL NUMBER
System control number 15570
020 ## - ISBN
ISBN 1562051067
040 ## - ΠΗΓΗ ΚΑΤΑΛΟΓΟΓΡΑΦΗΣΗΣ
Φορέας πρωτότυπης καταλογογράφησης MC Athens Campus Library
Γλώσσα καταλογογράφησης Ελληνικά, Μοντέρνα (1453-)
Modifying agency MC Athens Campus Library
Κανόνες περιγραφικής καταλογογράφησης AACR2
245 1# - ΤΙΤΛΟΣ ΚΑΙ ΔΗΛΩΣΗ ΥΠΕΥΘΥΝΟΤΗΤΑΣ
Τίτλος Εγχειρίδιο του Ami Pro 3 / 2η Αμερικάνικη Έκδοση
250 ## - EDITION STATEMENT
Edition statement
260 ## - PUBLICATION, DISTRIBUTION, ETC.
Name of publisher, distributor, etc. Γκιούρδας,
Date of publication, distribution, etc. 1993
300 ## - PHYSICAL DESCRIPTION
Extent 358
520 ## - SUMMARY, ETC.
Summary, etc. Για τις Εκδόσεις 2 & 3, Δημιουργία Εγγράφων, Προσθήκη Γραφικών, Χρήση Δυναμικών Χαρακτηριστικών: Συγχωνεύσεις Εγγράφων - Μακροεντολές - Πίνακες και Άλλα. Εισαγωγή, Θεμελιώδεις ΄΄Έννοιες του AMI PRO, Δουλεύοντας με τα Έγγραφα σας, Δουλεύοντας με τα Γραφικά, Δουλεύοντας με τα Δυναμικά Χαρακτηριστικά, Ευρετήριο.
700 1# - ΠΡΟΣΘΕΤΗ ΑΝΑΓΡΑΦΗ--ΦΥΣΙΚΟ ΠΡΟΣΩΠΟ
Personal name Bixby Robert
9 (RLIN) 1522
942 ## - ADDED ENTRY ELEMENTS (KOHA)
Koha item type Books
Holdings
Τύπος τεκμηρίου Βιβλιοθήκη Τρέχουσα τοποθεσία Barcode Αριθμός εισαγωγής Ημερομηνία απόκτησης Ταξιθετικό σύμβολο Αριθμός αντιτύπου Κατάσταση απόσυρσης Κατάσταση χαμένου Κατάσταση κατεστραμμένου Μη δανεισμός Σύνολο δανεισμών Ημερομηνία τελευταίας εμφάνισης Η τιμή ισχύει από
Books MC Athens Campus Library MC Athens Campus Library 9780000011398 1917 05/06/2025 005.1 ΒΙΧ 1           05/06/2025 05/06/2025

MC Athens Campus Library
Πατησίων 94 & Κοδριγκτώνος 13, 104 34
Πελλήνης 8 & Πατησίων 107, 112 51
Τ: +30 210 8899600

MC Thessaloniki Campus Library
Ίωνος Δραγούμη 21, 54625 | Ίωνος Δραγούμη 15, 54625
Τ: +30 2310 287779 – Τ: +30 2314 440300